000 01279nam a22003377a 4500
003 CHAP
005 20220817043921.0
008 031111d2001 mx r 00010 spa d
010 _a87890
011 _a88862
020 _a9707200146
035 _a99407
040 _cCHAP
090 _aFolleto 16710
110 2 _aMéxico. Presidencia de la República
245 1 0 _aDiscurso del Presidente de la República, Vicente Fox, durante su participación en el Foro Mesa Redonda con el Gobierno el 28 de junio de 2001, México, D.F.
_c/por Presidencia de la República
260 _aMéxico, D.F. :
_bPresidencia de la República. Coordinación General de Opinión Pública e Imágen,
_c2001.
300 _a16 p.
590 _aBATCH-UPD
_b10
_c20130110
_lUCH01
_h0828
590 _aBATCH-UPD
_b10
_c20130410
_lUCH01
_h0506
590 _aBATCH-UPD
_b10
_c20130914
_lUCH01
_h1157
590 _aBATCH-UPD
_b10
_c20161124
_lUCH01
_h1712
590 _aCONVERSION
_b10
_c20130109
_lUCH01
_h1349
650 1 4 _aDesarrollo social.
650 1 4 _aMéxico
_xDiscursos, ensayos y conferencias.
_976740
651 4 _aMéxico
_xPolítica y gobierno.
_976783
901 _aBK
905 _aAlejandra Carrasco M.
942 _cFOLL
949 _aFolleto 16710
_bBC
_cFOLL
_d33724002003074
_eTS1
_i99407
_sb
999 _c87890
_d87890